| 000 | 00797nam a2200217 a 4500 | ||
|---|---|---|---|
| 999 |
_c3137 _d3137 |
||
| 001 | 3137 | ||
| 003 | BD-JhCC | ||
| 005 | 20171111131051.0 | ||
| 008 | 171111s13441355BG |||| ||a| 001 0 ben d | ||
| 035 | _a(BD-JhCC)3137 | ||
| 040 |
_aBD-JhCC _dBD-JhCC |
||
| 041 | _aben | ||
| 082 |
_a891.4409 _bMAJ 1344 |
||
| 100 | _aমজুমদার, শ্রীসত্যেন্দ্রনাথ | ||
| 245 |
_aজওহরলাল নেহরু আত্ম-চরিত / _cশ্রীসত্যেন্দ্রনাথ মজুমদার |
||
| 260 |
_aকলিকাতা : _bআনন্দ পাবলিশার্স প্রাইভেট লিমিটেড, _c1344. |
||
| 300 |
_a518 p. : _c22 cm. |
||
| 650 | _aBengali Literature | ||
| 942 |
_2ddc _cBK |
||